书目信息 |
| 题名: |
高等工程专科教育改革1994
|
|
| 作者: | ;国家教育委员会高等教育司 编 | |
| 分册: | ||
| 出版信息: | 北京 高等教育出版社 1995.06 |
|
| 页数: | 398页 | |
| 开本: | 28cm | |
| 丛书名: | ||
| 单 册: | ||
| 中图分类: | G719.21 | |
| 科图分类: | ||
| 主题词: | 教育--类型 | |
| 电子资源: | ||
| ISBN: | 7-04-005465-5 | |
| 000 | 00827nam0 2200205 450 | |
| 001 | 0656422928 | |
| 005 | 20060113171437.45 | |
| 010 | @a7-04-005465-5@dCNY24.95 | |
| 100 | @a20060113d1995 km y0chiy0120 ea | |
| 101 | 0 | @achi |
| 102 | @aCN@b110000 | |
| 200 | 1 | @a高等工程专科教育改革1994@Agao deng gong cheng zhuan ke jiao yu gai ge 1994@e第二批专科教学改革试点方案汇编@f国家教育委员会高等教育司编@Fguo jia jiao yu wei yuan hui gao deng jiao yu si bian |
| 210 | @a北京@c高等教育出版社@d1995.06 | |
| 215 | @a398页@d28cm | |
| 517 | 1 | @a第二批专科教学改革试点方案汇编@Adi er pi zhuan ke jiao xue gai ge shi dian fang an hui bian |
| 606 | 0 | @a教育@x类型 |
| 690 | @aG719.21@v3 | |
| 711 | 0 | @a国家教育委员会高等教育司@Aguo jia jiao yu wei yuan hui gao deng jiao yu si@4编 |
| 801 | 0 | @aCN@bPFT@c20060113 |
| 905 | @a10447@dG719.21@eG910 | |
| 高等工程专科教育改革1994:第二批专科教学改革试点方案汇编/国家教育委员会高等教育司编.-北京:高等教育出版社,1995.06 |
| 398页;28cm |
| ISBN 7-04-005465-5:CNY24.95 |
| ● |
| 相关链接 |
|
|
|
正题名:高等工程专科教育改革1994
索取号:G719.21/G910
 
预约/预借
| 序号 | 登录号 | 条形码 | 馆藏地/架位号 | 状态 | 备注 |
| 1 | 442676 | 204426763 | 社科库409/409社科库 16排3列1层/ [索取号:G719.21/G910] | 在馆 |